Rock art & archaeology of India : (Record no. 41269)

MARC details
000 -LEADER
fixed length control field 01044nam a22002657a 4500
005 - DATE AND TIME OF LATEST TRANSACTION
control field 20100812115854.0
010 ## - LCCN (DPL NO)
LC control number ENG-99834
020 ## - INTERNATIONAL STANDARD BOOK NUMBER
International Standard Book Number 9788173200724
Terms of availability 1950.00
035 ## - SYSTEM CONTROL NUMBER
System control number EN-83366
037 ## - SOURCE OF ACQUISITION
Source of stock number/acquisition DBAD/PUB
082 ## - DEWEY DECIMAL CLASSIFICATION NUMBER
Classification number 709.0113
245 ## - TITLE STATEMENT
Title Rock art & archaeology of India :
Remainder of title Prof.Shankar Tiwari commemoration volume /
Statement of responsibility, etc edited by K.K. Chakravarty [and] G.L. Badam
246 ## - VARYING FORM OF TITLE
Title proper/short title Rock art and archaeology of India
260 ## - PUBLICATION, DISTRIBUTION, ETC. (IMPRINT)
Place of publication, distribution, etc Delhi
Name of publisher, distributor, etc Agam Kala Prakashan
Date of publication, distribution, etc 2008
270 ## - ADDRESS
City Delhi
Postal code 110052
Address 34,Central Market,Ashok Vihar
300 ## - PHYSICAL DESCRIPTION
Extent xxiv,237p.,[18] p. of plates :
Other physical details ill., maps
Dimensions 28cm (Hb)
500 ## - GENERAL NOTE
General note Includes bibliographical references
650 ## - SUBJECT ADDED ENTRY--TOPICAL TERM
Topical term or geographic name as entry element Rock paintings
Geographic subdivision India.
650 ## - SUBJECT ADDED ENTRY--TOPICAL TERM
Topical term or geographic name as entry element India
General subdivision Antiquities.
700 ## - ADDED ENTRY--PERSONAL NAME
9 (RLIN) 10603
Personal name Chakravaty, K.K.
700 ## - ADDED ENTRY--PERSONAL NAME
Personal name Badam, G.L.
9 (RLIN) 11537
700 ## - ADDED ENTRY--PERSONAL NAME
9 (RLIN) 10604
942 ## - ADDED ENTRY ELEMENTS (KOHA)
Source of classification or shelving scheme Dewey Decimal Classification
Item type English Books
Classification part 709.0113
Call number suffix ROC
Holdings
Withdrawn status Lost status Not for loan Collection code Home library Current library Date acquired Source of acquisition Cost, normal purchase price Full call number Barcode Copy number Cost, replacement price Koha item type
    Not For Loan Non-fiction D.B.Act.Division D.B.Act.Division 12/08/2010 DBAD/PUB 1950.00 709.0113 ROC EN-83366 1 1950.00 English Books

© Delhi Public Library
Hit Counter
free hit counter